|
|
|
|
| LEADER |
02554njm a2200529 a 4500 |
| 001 |
001144936 |
| 003 |
CZ BrMZK |
| 005 |
20110524085557.0 |
| 006 |
g g vl |
| 007 |
sd fsngnnmmned |
| 007 |
vd cvaizu |
| 008 |
110418p20102008xr mun g d cze d |
| 015 |
|
|
|a cnb002182992
|
| 024 |
3 |
|
|a 5099991963321
|
| 028 |
0 |
3 |
|a 919633-2
|b EMI
|
| 028 |
0 |
3 |
|a 631097-2
|b EMI
|
| 028 |
0 |
3 |
|a 919631-2
|b EMI
|
| 028 |
0 |
3 |
|a 631097-9
|b EMI
|
| 028 |
0 |
2 |
|a 919633-2 (631097-2/631097-9)
|b EMI
|
| 040 |
|
|
|a ABA001
|b cze
|
| 045 |
|
|
|a y0y1
|
| 072 |
|
7 |
|a 784
|x Vokální hudba
|2 Konspekt
|9 9
|
| 080 |
|
|
|a 78.038.6
|2 MRF
|
| 080 |
|
|
|a 78.036
|2 MRF
|
| 080 |
|
|
|a (086.76)
|2 MRF
|
| 110 |
2 |
|
|a Tři sestry (hudební skupina)
|7 kn20021125002
|
| 245 |
1 |
0 |
|a Super Lázničky
|h [zvukový záznam] :
|b [speciální 3 disková edice!]
|
| 260 |
|
|
|a Praha :
|b EMI,
|c p2010
|
| 300 |
|
|
|a 2 zvukové desky :
|b digital ;
|c 12 cm +
|e 1 DVD-video
|
| 500 |
|
|
|a Hudba, texty (v pouzdře) u většiny písní Tři sestry
|
| 500 |
|
|
|a Na DVD záznam koncertu 25 let na Džbáně
|
| 500 |
|
|
|a Kompaktní desky
|
| 505 |
0 |
0 |
|t Lázničky.
|t V pekle nebo v ráji ;
|t Noční tramvaj ;
|t Pilsner Urquell ;
|t Stroj ;
|t Jako Sahula ;
|t Lázničky ;
|t Kolečkový brusle ;
|t Vandrák Joe ;
|t Něco se musí stát ;
|t Polární noc ;
|t F.C. Knajpa ;
|t Naše věrné fanynky ;
|t Bordel ;
|t Léto ;
|t Squat ;
|t Zůstal jsem sám --
|t Z garáže.
|t Neházej pivo ;
|t Zabij bobra ;
|t Nešpory ;
|t Nádraží ;
|t Fenka na Klamovce ;
|t Domácí pivovar ;
|t Španělsko ;
|t Smějící se bestie ;
|t Modlitba pro Rosu (Modlitba pro partu live feat. Tomáš Rosický) ;
|t Nouzovej východ ;
|t Zlatá II ;
|t Sahulova Směska
|
| 511 |
1 |
|
|a Tři sestry (Lou Fanánek Hagen, Zdenál, Franta Vrána, Ronald, Supice, Magor, Jaroušek, Kacafírer), Lou Fanánek Hagen a Synové výčepu a hosté
|
| 518 |
|
|
|a Demo: Parník v Hodkovičkách (2008) a Hostinec Na staré Sokolovně (2009); natočeno: Studia SONO Nouzov - prosinec 2009 až únor 2010
|
| 650 |
0 |
7 |
|a punk
|7 ph224427
|2 czenas
|
| 650 |
0 |
7 |
|a rock
|7 ph125174
|2 czenas
|
| 650 |
0 |
7 |
|a populární písně
|7 ph124354
|y 2001-2010
|2 czenas
|
| 655 |
|
7 |
|a kompaktní desky
|7 fd201991
|2 czenas
|
| 648 |
|
4 |
|a 2008-2010
|
| 648 |
|
7 |
|a 2001-2010
|7 ch460588
|2 czenas
|
| 700 |
1 |
|
|a Hagen, Lou Fanánek,
|d 1966-
|7 jn19981001381
|4 sng
|4 itr
|
| 710 |
2 |
|
|a Synové výčepu (hudební skupina)
|7 ko2003186628
|
| 910 |
2 |
|
|a BOA001
|b CDR-1263.756
|
| 990 |
|
|
|a AV
|
| 991 |
|
|
|b 201105
|
| 996 |
6 |
|
|b 2610466121
|c CDR-1263.756
|l MZK
|r Sklad / do 24 hodin
|n 0
|p p.v.
|w 001180342
|u 000010
|a 1
|e BOA001
|j MZK50
|s P
|